000 00521nam a2200181 a 4500
005 20240614063711.0
008 991125c1962 new 000 0 eng u
035 _aUPN01000039892
049 _aCG
050 4 _aPE1121 D5.42
100 1 _aDixson, Robert James,
_d1908-1963
_930894
245 1 0 _aModern american english :
_bbook 2 /
_cby Robert J. Dixson
260 _aNew York :
_bRegents,
_c1962
300 _axi, 179 p. :
_bil.
650 4 _aInglés
_xEstudio y enseñanza
_918
904 _aAC
_b039894
905 _aLibro
999 _c39892
_d39892